LIBRARY & INFORMATION CENTRE, KCAET, TAVANUR

ONLINE PUBLIC ACCESS CATALOGUE (OPAC)

Chemical Engineers Hand Book / (Record no. 10277)

MARC details
000 -LEADER
fixed length control field 00277cam a2200109ua 4500
082 ## - DEWEY DECIMAL CLASSIFICATION NUMBER
Classification number 660
Item number PER/CH
100 ## - MAIN ENTRY--AUTHOR NAME
Personal name Perry, John H .
245 ## - TITLE STATEMENT
Title Chemical Engineers Hand Book /
260 ## - PUBLICATION, DISTRIBUTION, ETC. (IMPRINT)
Place of publication London :
Name of publisher McGraw Hill Book Company ,
Year of publication 1991.
300 ## - PHYSICAL DESCRIPTION
Number of Pages 2260 ; .
942 ## - ADDED ENTRY ELEMENTS (KOHA)
Koha item type Reference
Holdings
Withdrawn status Lost status Damaged status Home library Current library Shelving location Date acquired Full call number Accession Number Koha item type
      KAUAET KAUAET General Stacks 07/04/2012 660.PER/CH 11716 Books
free website counter